| 000 | 00846nam a22002297a 4500 | ||
|---|---|---|---|
| 999 |
_c20019 _d20019 |
||
| 003 | AR-CdUCM | ||
| 008 | 190524b ||||| |||| 00| 0 spa d | ||
| 040 |
_aMUNICIPALIDAD PROVINCIAL DEL CUSCO _cBIBLIOTECA MUNICIPAL DEL CUSCO |
||
| 041 | _heng | ||
| 082 |
_a711 / _bA88 _24ed. |
||
| 100 |
_aAuzelle, Robert _941869 |
||
| 245 |
_aTécnica del urbanismo : _bEl planeamiento de las aglomeraciones urbanas / |
||
| 260 |
_aArgentina : _bUniversitaria de Buenos Aires, _c1970. |
||
| 300 |
_a63 páginas ; _c25 cm. |
||
| 505 | _aContenido: Estudios preliminares. previsiones para el planeamiento -- Planeamiento de las aglomeraciones... | ||
| 650 |
_aEl urbanismo _941870 |
||
| 650 |
_aAglomeraciones _941871 |
||
| 650 |
_aZonas industriales _941872 |
||
| 700 |
_aBruzzi, Juan Carlos (traductor) _941873 |
||
| 942 |
_2ddc _cLIBROS |
||
| 945 | _aAndy | ||